Greek islands with more than 10k residents - Statistics

General Stats
  • This quiz has been taken 58 times
  • The average score is 13 of 21
Answer Stats
Pop. Answer % Correct
625k Crete
100%
125k Rhodes
89%
108k Corfu
87%
16k Santorini
76%
11k Mykonos
74%
21k Naxos
74%
37k Kos
72%
41k Zante
70%
36k Cephalonia
67%
51k Chios
67%
210k Euboea
67%
15k Paros
65%
34k Samos
63%
23k Lefkada
61%
17k Lemnos
48%
86k Lesvos
39%
14k Thasos
39%
37k Salamis
33%
18k Kalymnos
28%
21k Syros
28%
13k Aegina
24%
No matching quizzes found
Score Distribution
Percent of People with Each Score
Percentile by Number Answered
Your Score History
You have not taken this quiz